Využitie fluorescenčných proteínov na detekciu rekombinantných proteínov

Saved in:
Bibliographic Details
Main Author: Boháčová, Viktória (Author)
Other Authors: Hegyi, Zuzana (Thesis advisor)
Format: Manuscript Book
Language:Slovak
Published: 2024
Subjects:
Online Access:http://is.stuba.sk/zp/portal_zp.pl?podrobnosti=176662
Tags: Add Tag
No Tags, Be the first to tag this record!

MARC

LEADER 00000ntm a22000003a 4500
001 stuzp99218
003 SK-STU
005 20240601210530.5
007 ta
008 150427s2015----xo-----f-mn---000-0-slo-d
040 |a STU  |b slo 
041 0 |a slo 
100 1 |a Boháčová, Viktória  |u 044000  |4 aut  |U FCHPT Fakulta chemickej a potravinárskej technológie  |T FCHPT Ústav biotechnológie  |X 105559  |U C4000  |Y 102  |7 105559 
242 0 1 |a The use of fluorescent proteins for the detection of recombinant proteins  |y eng 
245 1 0 |a Využitie fluorescenčných proteínov na detekciu rekombinantných proteínov 
260 |c 2024 
650 4 |a fúzne proteíny  |2 slo 
650 4 |a selekcia klonov  |2 slo 
650 4 |a Pichia pastoris  |2 slo 
650 4 |a rekombinantné proteíny  |2 slo 
650 4 |a reportérové proteíny  |2 slo 
650 4 |a fluorescenčné proteíny  |2 slo 
650 4 |a detekcia  |2 slo 
650 4 |a recombinant proteins  |2 eng 
650 4 |a fusion proteins  |2 eng 
650 4 |a selection of clones  |2 eng 
650 4 |a Pichia pastoris  |2 eng 
650 4 |a detection  |2 eng 
650 4 |a reporter proteins  |2 eng 
650 4 |a fluorescent proteins  |2 eng 
700 1 |a Hegyi, Zuzana  |u 044000  |k Z2  |4 ths  |U FCHPT Fakulta chemickej a potravinárskej technológie  |T FCHPT Ústav biotechnológie  |X 83518  |U C4000  |Y 102  |7 83518 
856 4 |u http://is.stuba.sk/zp/portal_zp.pl?podrobnosti=176662